Traité des maladies des reins et des altérationes de la sécrétions urinaire ... / (Record no. 162990)
[ view plain ]
| 000 -LEADER | |
|---|---|
| campo de control de longitud fija | 00755nam a2200181 i 4500 |
| 001 - NÚMERO DE CONTROL | |
| campo de control | 162990 |
| 003 - IDENTIFICADOR DE NÚMERO DE CONTROL | |
| campo de control | ES-MaACL |
| 005 - FECHA Y HORA DE LA ÚLTIMA TRANSACCIÓN | |
| campo de control | 20230906212637.0 |
| 008 - DATOS DE LONGITUD FIJA--INFORMACIÓN GENERAL | |
| campo de control de longitud fija | 050707m18391841fr a | |||||||| ||fre d |
| 040 ## - FUENTE DE CATALOGACIÓN | |
| Centro catalogador/agencia de origen | CAM |
| Lengua de catalogación | spa |
| Centro/agencia transcriptor | CAM |
| 100 1# - ENTRADA PRINCIPAL--NOMBRE DE PERSONA | |
| Nombre de persona | Rayer, P. |
| 9 (RLIN) | 131627 |
| 245 10 - MENCIÓN DEL TÍTULO | |
| Título | Traité des maladies des reins et des altérationes de la sécrétions urinaire ... / |
| Mención de responsabilidad, etc. | par P. Rayer. |
| 260 ## - PUBLICACIÓN, DISTRIBUCIÓN, ETC. | |
| Lugar de publicación, distribución, etc. | Paris ; |
| -- | Londres : |
| Nombre del editor, distribuidor, etc. | J.-B. Baillière, |
| Fecha de publicación, distribución, etc. | 1839-1841 ( |
| Fabricante | Paul Renouard) |
| 300 ## - DESCRIPCIÓN FÍSICA | |
| Extensión | 3 v. (XVI, 630 p., [6] h. de lám.; 620 p.; 810 p.) ; |
| Dimensiones | 21 cm. |
| 599 ## - NOTA A LAS ILUSTRACIONES | |
| NOTA A LAS ILUSTRACIONES | Las h. de lám.: "Moissenet delin.\pt\s, Oudet sculp.\pt\s" |
| 650 #4 - PUNTO DE ACCESO ADICIONAL DE MATERIA--TÉRMINO DE MATERIA | |
| Término de materia o nombre geográfico como elemento de entrada | Aparato génito urinario- |
| Subdivisión general | Enfermedades. |
| 9 (RLIN) | 135583 |
| 852 ## - LOCALIZACIÓN | |
| Ubicación | ES-MaACL |
| Número de control de estantería | G-15244-15246 |
| Nota libre | -- Enc. hol. |
| -- | -- Ex-libris de Mateo Seoane |
| Estatus retirado | Estado de pérdida | Estado de daño | No para préstamo | Colección | Biblioteca de origen | Biblioteca actual | Ubicación en estantería | Fecha de adquisición | Fuente de adquisición | Total de préstamos | Signatura topográfica completa | Código de barras | Visto por última vez | Precio de reemplazo | Tipo de ítem Koha |
|---|---|---|---|---|---|---|---|---|---|---|---|---|---|---|---|
| Libros del s. XIX | Biblioteca del Ateneo de Madrid | Biblioteca del Ateneo de Madrid | Sala Pecera Planta 3 | 17/01/2008 | G-15244-15246 | 1170771 | 23/02/2023 | 23/02/2023 | Libro impreso antiguo |
